000
00206nam a22000857a 4500
008
161202b xxu||||| |||| 00| 0 eng d
100
_9
1714
_a
Misra.R.R.
245
_a
Chemistry-IX
260
_a
New Delhi
_b
Arya
_c
2007
999
_c
4427
_d
4427